000 00571nam a2200241 a 4500
001 nice12345678
003 IN_TiNIC
005 20260116011349.0
008 050524s1924 luca grp 000 0 urd
020 _a
_c100
082 0 0 _a245
_bSAD2
100 _aSada, Isa Charan
245 _aFirdaus Gum Shuda
260 _aLucknow
_bGulzar-E-syedi Press
_c1924
300 _a400p
500 _aincludes index and biblioraphy
505 2 _areference
650 _aChristian-Poetry
700 1 _aSada, Isa Charan
902 _bRBA
942 _cBK
999 _c875
_d875